[Event "World Rapid Women 2018"]
[Site "St Petersburg RUS"]
[Date "2018.12.26"]
[Round "2.60"]
[White "Aseeva, Marina"]
[Black "Bulatova, Kamaliya"]
[Result "0-1"]
[BlackTitle "WFM"]
[WhiteElo "2173"]
[BlackElo "2007"]
[WhiteFideId "4110544"]
[BlackFideId "34111546"]
[EventDate "2018.12.26"]

1. e4 c5 2. Nf3 d6 3. d4 cxd4 4. Nxd4 Nf6 5. Nc3 a6 6. Be3 e5 7. Nb3 Be6 8. f3
Be7 9. Qd2 O-O 10. O-O-O Nbd7 11. g4 b5 12. g5 Nh5 13. Kb1 b4 14. Na4 a5 15. h4
Ng3 16. Rg1 Nxf1 17. Rdxf1 Bc4 18. Rd1 Bb5 19. h5 Bxa4 20. g6 Bxb3 21. cxb3 a4
22. bxa4 Rxa4 23. Qg2 Bf6 24. Rxd6 Qe7 25. Rgd1 Nb8 26. Bc5 Re8 27. R6d5 Qe6 28.
gxh7+ Kxh7 29. Qc2 Ra6 30. f4 Qg4 31. f5 Rc8 32. Qd3 Rac6 33. Bxb4 Rc4 34. Bd6
Qf4 35. Bxb8 Rc1+ 0-1

[Event "World Rapid Women 2018"]
[Site "St Petersburg RUS"]
[Date "2018.12.26"]
[Round "2.61"]
[White "Afonasieva, Anna"]
[Black "Alieva, Alexandra"]
[Result "1/2-1/2"]
[WhiteTitle "WFM"]
[BlackTitle "WFM"]
[WhiteElo "2207"]
[BlackElo "2102"]
[WhiteFideId "24173606"]
[BlackFideId "24133353"]
[EventDate "2018.12.26"]

1. d4 Nf6 2. Nf3 g6 3. c4 c5 4. d5 b5 5. cxb5 a6 6. bxa6 Bg7 7. Nc3 Qa5 8. Nd2
Bxa6 9. g3 d6 10. Bg2 O-O 11. O-O Nbd7 12. Re1 c4 13. Nf3 Bb7 14. e4 Nc5 15. Bf1
Ba6 16. e5 Ng4 17. exd6 exd6 18. Bf4 Qb6 19. Qd2 Nd3 20. Bxd3 cxd3 21. h3 Nf6
22. Rab1 Bc4 23. Be3 Qb7 24. Bd4 Bxd5 25. Nxd5 Qxd5 26. Qxd3 Nd7 27. Qe4 Qxe4
28. Rxe4 Rxa2 29. Bxg7 Kxg7 30. Rd4 Ne5 31. Ne1 Rb8 32. f4 Nd7 33. Rxd6 Nc5 34.
b4 Ne4 35. Rd3 Nd2 36. Rd1 Ne4 37. Rb3 Nf2 38. Rdb1 Nxh3+ 39. Kh1 Nf2+ 40. Kg1
Nh3+ 41. Kh1 Nf2+ 42. Kg1 Nh3+ 43. Kh1 Nf2+ 1/2-1/2

[Event "World Rapid Women 2018"]
[Site "St Petersburg RUS"]
[Date "2018.12.26"]
[Round "2.62"]
[White "Strutinskaia, Galina"]
[Black "Munkhzul, Turmunkh"]
[Result "0-1"]
[WhiteTitle "WGM"]
[BlackTitle "WFM"]
[WhiteElo "2201"]
[BlackElo "2255"]
[WhiteFideId "4108558"]
[BlackFideId "4901878"]
[EventDate "2018.12.26"]

1. d4 Nf6 2. c4 g6 3. Nc3 Bg7 4. e4 d6 5. f4 O-O 6. Nf3 c5 7. d5 e6 8. dxe6 fxe6
9. Bd3 Nc6 10. O-O Nd4 11. Be3 Ng4 12. Bd2 e5 13. h3 Nf6 14. fxe5 Nxf3+ 15. Rxf3
dxe5 16. Bg5 Qd4+ 17. Be3 Qd6 18. Qe2 Be6 19. Rd1 Nh5 20. Bc2 Qa6 21. b3 Rxf3
22. Qxf3 Rf8 23. Qe2 Qc6 24. Qd2 Qc8 25. Nd5 Rf7 26. Rf1 Rxf1+ 27. Kxf1 Qf8+ 28.
Qf2 b6 29. Bg5 h6 30. Be3 g5 31. Qxf8+ Bxf8 32. Bd1 Ng3+ 33. Ke1 Nxe4 34. Nc7
Bd7 35. Bf3 Nc3 36. a3 e4 37. Bg4 Bxg4 38. hxg4 Bd6 39. Ne6 Kf7 40. Nd8+ Ke8 41.
Nc6 a6 42. b4 Nb1 43. bxc5 bxc5 44. Bc1 Kd7 45. Na5 Bg3+ 46. Kd1 Nc3+ 47. Kc2
Ne2 48. Nb3 Nd4+ 49. Kc3 Nxb3 50. Kxb3 Bf2 51. Kc2 Bd4 52. Kd1 Ke6 53. Bd2 Ke5
54. Ke2 Bb2 55. a4 Kd4 56. Ba5 Kxc4 57. Ke3 Kd5 58. Bd8 Bd4+ 59. Kd2 c4 60. Bc7
c3+ 61. Kc2 e3 62. Kd3 e2 63. Bg3 Bf6 64. Be1 Be5 65. Kxe2 Ke4 66. g3 c2 67. Kd2
Bc3+ 0-1

[Event "World Rapid Women 2018"]
[Site "St Petersburg RUS"]
[Date "2018.12.26"]
[Round "3.1"]
[White "Tan, Zhongyi"]
[Black "Muzychuk, Anna"]
[Result "1/2-1/2"]
[WhiteTitle "GM"]
[BlackTitle "GM"]
[WhiteElo "2508"]
[BlackElo "2569"]
[WhiteFideId "8603642"]
[BlackFideId "14111330"]
[EventDate "2018.12.26"]

1. d4 d5 2. c4 c6 3. Nf3 Nf6 4. Nc3 e6 5. cxd5 exd5 6. Bg5 Be7 7. e3 Bf5 8. Bd3
Bxd3 9. Qxd3 Nbd7 10. O-O O-O 11. Rab1 a5 12. a3 Ne4 13. Bf4 f5 14. Ne5 Bd6 15.
f3 Bxe5 16. Bxe5 Nxe5 17. dxe5 Nc5 18. Qc2 Qb6 19. f4 a4 20. Kh1 Qb3 21. Qe2
Rad8 22. Rbd1 Ne6 23. Rd3 Qc4 24. Rd2 Qxe2 25. Nxe2 Kf7 26. Rc1 Ra8 27. Nd4 Ke7
28. h3 Ra5 29. Kh2 Nxd4 30. exd4 Rb5 31. Rc3 g6 32. Kg3 Ra8 33. Kh4 h6 34. g4
Rf8 35. gxf5 Rxf5 36. Kg4 Ke6 37. h4 Rf7 38. Rg2 Rf5 39. Kf3 Kf7 40. Re3 g5 41.
hxg5 hxg5 42. Kg4 Rxf4+ 43. Kxg5 Rxd4 44. e6+ Ke7 45. Kf5 Rb3 46. Rg7+ Kd6 47.
Rd7+ Kc5 48. Rxb3 axb3 49. e7 Re4 50. Kf6 b5 51. Rd8 Kc4 52. e8=Q Rxe8 53. Rxe8
Kd3 54. Rh8 d4 55. Ke5 c5 56. Rh3+ Kc2 57. Rh2+ Kd3 58. Kd5 c4 59. Rh3+ Kc2 60.
Kxd4 Kxb2 61. a4 bxa4 62. Kxc4 Ka2 63. Kb4 b2 64. Ra3+ Kb1 65. Kxa4 Kc2 66. Rb3 1/2-1/2

[Event "World Rapid Women 2018"]
[Site "St Petersburg RUS"]
[Date "2018.12.26"]
[Round "3.2"]
[White "Ju, Wenjun"]
[Black "Girya, Olga"]
[Result "1-0"]
[WhiteTitle "GM"]
[BlackTitle "WGM"]
[WhiteElo "2575"]
[BlackElo "2454"]
[WhiteFideId "8603006"]
[BlackFideId "4195752"]
[EventDate "2018.12.26"]

1. Nf3 d5 2. g3 Bg4 3. Bg2 c6 4. O-O Nf6 5. d4 e6 6. Nbd2 Nbd7 7. Re1 Be7 8. e4
dxe4 9. Nxe4 O-O 10. h3 Bxf3 11. Bxf3 Nxe4 12. Bxe4 Nf6 13. Bg2 Qb6 14. c3 Rad8
15. Qb3 Nd5 16. Bd2 Bf6 17. Rad1 Qa6 18. a3 b5 19. Qc2 Qb6 20. a4 a6 21. axb5
axb5 22. Qb3 Rb8 23. Ra1 h5 24. h4 g6 25. Red1 Bg7 26. Qc2 Rfc8 27. Bg5 Ra8 28.
Qb3 Ra6 29. Ra2 Rca8 30. Rda1 Kh7 31. Bf3 Bh6 32. Bxd5 exd5 33. Bxh6 Kxh6 34.
Rxa6 Rxa6 35. Re1 Qa5 36. Qc2 Kg7 37. Qd2 Qd8 38. Re5 Ra2 39. Qe2 Qf6 40. Kg2
Kh7 41. Re8 b4 42. Qd2 bxc3 43. Qxc3 Ra4 44. Re5 Rc4 45. Qd2 c5 46. b3 Rxd4 47.
Qe3 Rd3 48. Rxh5+ gxh5 49. Qxd3+ Kg7 50. Qxd5 Qc3 51. Qg5+ Kf8 52. Qxh5 Qxb3 53.
Qxc5+ Kg8 54. Qg5+ Kh7 55. Qf5+ Kg8 56. h5 Qb6 57. Qg5+ Kh7 58. Qf5+ Kg8 59. g4
Qc6+ 60. Qf3 Qc5 61. Kh3 Qc1 62. Kh4 Qg1 63. Kh3 Qf1+ 64. Kh2 Qc1 65. Qf6 Qc4
66. Qg5+ Kh7 67. Kg3 Qc3+ 68. Qe3 Qc7+ 69. Kh3 Qc6 70. f3 Qb5 71. g5 Qf1+ 72.
Kg3 Qh1 73. Qe4+ Kg7 74. h6+ Kf8 75. Qe3 Qb1 76. Qd4 Qe1+ 77. Kg4 Qe6+ 78. Kh4
Qe1+ 79. Kg4 Qe6+ 80. Kf4 Ke8 81. Qe5 1-0

[Event "World Rapid Women 2018"]
[Site "St Petersburg RUS"]
[Date "2018.12.26"]
[Round "3.4"]
[White "Dzagnidze, Nana"]
[Black "Javakhishvili, Lela"]
[Result "1/2-1/2"]
[WhiteTitle "GM"]
[BlackTitle "IM"]
[WhiteElo "2513"]
[BlackElo "2464"]
[WhiteFideId "13601903"]
[BlackFideId "13601458"]
[EventDate "2018.12.26"]

1. c4 c5 2. Nf3 Nc6 3. Nc3 g6 4. e3 Nf6 5. b3 Bg7 6. Bb2 O-O 7. Be2 d5 8. d4
cxd4 9. exd4 dxc4 10. bxc4 Bg4 11. d5 Na5 12. Rc1 Bxf3 13. gxf3 Nh5 14. Na4 Bxb2
15. Nxb2 b6 16. Qd4 Qd6 17. Nd3 Nb7 18. f4 Ng7 19. Bg4 Nc5 20. Nxc5 bxc5 21. Qe5
Rad8 22. O-O e6 23. Rfd1 exd5 24. Qxd6 Rxd6 25. cxd5 f5 26. Bf3 Rc8 27. Rc2 Nh5
28. Bxh5 gxh5 29. Rd3 Kf7 30. Kf1 Kf6 31. Ke2 h4 32. Kd2 c4 33. Rd4 Rc5 34.
Rcxc4 Rxc4 35. Rxc4 Rxd5+ 36. Ke3 a5 37. Rc6+ Kf7 38. a4 Kg7 39. Rb6 Rc5 40. Rb5
Rc3+ 41. Ke2 Rc4 42. Rxa5 Rxf4 43. h3 Rb4 44. Kf1 Kg6 45. Kg2 Kg5 46. Ra8 Kf4
47. a5 Ra4 48. a6 h6 49. a7 Ra1 50. Rh8 Rxa7 51. Rxh6 Kg5 1/2-1/2

[Event "World Rapid Women 2018"]
[Site "St Petersburg RUS"]
[Date "2018.12.26"]
[Round "3.5"]
[White "Saduakassova, Dinara"]
[Black "Paehtz, Elisabeth"]
[Result "1-0"]
[WhiteTitle "IM"]
[BlackTitle "IM"]
[WhiteElo "2472"]
[BlackElo "2487"]
[WhiteFideId "13700090"]
[BlackFideId "4641833"]
[EventDate "2018.12.26"]

1. Nf3 d5 2. d4 Nf6 3. c4 c6 4. e3 g6 5. Nc3 Bg7 6. Be2 O-O 7. O-O a6 8. b3 b5
9. Ne5 Bb7 10. Bf3 e6 11. Ba3 Re8 12. Rc1 Nfd7 13. Nd3 Nb6 14. Nc5 Bc8 15. cxd5
exd5 16. Ne2 a5 17. Bb2 a4 18. Bc3 N6d7 19. e4 dxe4 20. Nxe4 Nb6 21. Bb4 Nd5 22.
Bc5 Bh6 23. Rc2 axb3 24. axb3 Be6 25. N2c3 Bf4 26. g3 Bc7 27. Qd2 Kg7 28. Ng5
Bf5 29. Rcc1 Nxc3 30. Rxc3 h6 31. g4 Bxg4 32. Nxf7 Kxf7 33. Bxg4 Qh4 34. h3 Na6
35. d5 Be5 36. dxc6 Bxc3 37. Qxc3 Nxc5 38. Qxc5 Qe7 39. Qxb5 h5 40. Bd7 Rf8 41.
c7 Kg7 42. Qd5 Qf6 43. c8=Q Raxc8 44. Bxc8 Rd8 45. Bd7 Kh6 46. Rd1 Rf8 47. Qd2+
Kh7 48. b4 Qe5 49. Qe3 Qb2 50. b5 Rf7 51. Bc6 Qc2 52. Rd2 Qc1+ 53. Kg2 Qb1 54.
b6 Qc1 55. Be4 1-0

[Event "World Rapid Women 2018"]
[Site "St Petersburg RUS"]
[Date "2018.12.26"]
[Round "3.6"]
[White "Muzychuk, Mariya"]
[Black "Mammadova, Gulnar"]
[Result "1/2-1/2"]
[WhiteTitle "GM"]
[BlackTitle "IM"]
[WhiteElo "2540"]
[BlackElo "2368"]
[WhiteFideId "14114550"]
[BlackFideId "13403508"]
[EventDate "2018.12.26"]

1. e4 g6 2. d4 Bg7 3. Nf3 c6 4. Bd3 d6 5. O-O Nf6 6. c4 O-O 7. Nc3 Nbd7 8. Bf4
Nh5 9. Be3 e5 10. d5 c5 11. Re1 Nf4 12. Bf1 h6 13. g3 Nh5 14. Bg2 a6 15. Nd2 Qe8
16. Bf3 Nhf6 17. a3 Nh7 18. Bg2 f5 19. f4 Qf7 20. Nf3 Re8 21. Qd2 exf4 22. Bxf4
Bxc3 23. Qxc3 fxe4 24. Bxh6 Qf6 25. Nd2 Qxc3 26. bxc3 Ne5 27. Bxe4 Bf5 28. Bxf5
gxf5 29. Kg2 Kf7 30. h3 Nf6 31. Re3 b5 32. Bf4 Nxc4 33. Nxc4 bxc4 34. Rxe8 Rxe8
35. Bxd6 Nxd5 36. Bxc5 Nxc3 37. Rc1 Ne4 38. Bb4 Rc8 1/2-1/2

[Event "World Rapid Women 2018"]
[Site "St Petersburg RUS"]
[Date "2018.12.26"]
[Round "3.7"]
[White "Berend, Elvira"]
[Black "Goryachkina, Aleksandra"]
[Result "1/2-1/2"]
[WhiteTitle "WGM"]
[BlackTitle "GM"]
[WhiteElo "2332"]
[BlackElo "2518"]
[WhiteFideId "4000510"]
[BlackFideId "4147103"]
[EventDate "2018.12.26"]

1. d4 d5 2. Nf3 Nc6 3. e3 Bg4 4. c4 e5 5. cxd5 Qxd5 6. Nc3 Bb4 7. Be2 exd4 8.
exd4 O-O-O 9. O-O Qd7 10. a3 Bd6 11. d5 Bxf3 12. Bxf3 Ne5 13. Be2 Nf6 14. h3 Ng6
15. Be3 Be5 16. Bxa7 Nf4 17. Be3 Nxe2+ 18. Qxe2 Bxc3 19. bxc3 Nxd5 20. c4 Nxe3
21. Qxe3 Qd4 22. Qb3 Qb6 23. Qf3 Qf6 24. Qg4+ Qe6 25. Qg3 g6 26. Rab1 Rhe8 27.
c5 Qc6 28. Qf4 f5 29. Rb4 Re4 30. Rxe4 Qxe4 31. Qh6 Qe7 32. c6 bxc6 33. Qc1 Qd6
34. Qc4 c5 35. Qa4 f4 36. Re1 h5 37. Qa8+ Kd7 38. Qa4+ Kc8 39. Qa8+ Kd7 40. Qa4+
Kc8 41. Qa8+ 1/2-1/2

[Event "World Rapid Women 2018"]
[Site "St Petersburg RUS"]
[Date "2018.12.26"]
[Round "3.8"]
[White "Stefanova, Antoaneta"]
[Black "Skripchenko, Almira"]
[Result "1/2-1/2"]
[WhiteTitle "GM"]
[BlackTitle "IM"]
[WhiteElo "2486"]
[BlackElo "2408"]
[WhiteFideId "2902257"]
[BlackFideId "13900145"]
[EventDate "2018.12.26"]

1. d4 d6 2. Nf3 g6 3. g3 Bg7 4. Bg2 Nf6 5. O-O O-O 6. b3 e5 7. dxe5 Ng4 8. Bb2
Nc6 9. c4 Ngxe5 10. Nxe5 dxe5 11. Nc3 Nd4 12. Ba3 Re8 13. e3 Ne6 14. Qxd8 Rxd8
15. Nd5 c6 16. Ne7+ Kh8 17. Nxc8 Raxc8 18. Rad1 f5 19. Be7 Re8 20. Rd7 Rc7 21.
Rxc7 Nxc7 22. Bd6 Ne6 23. b4 Rd8 24. c5 e4 25. Rb1 Bf8 26. Bxf8 Nxf8 27. b5 Ne6
28. bxc6 bxc6 29. Rb7 Nxc5 30. Rxa7 Rd1+ 31. Bf1 Nd3 32. a4 c5 33. a5 Ra1 34. a6
c4 35. h4 c3 36. Rc7 Rxa6 37. Rxc3 Ra1 38. Rc7 h5 39. Kg2 Ne1+ 40. Kg1 Nf3+ 41.
Kg2 Ne1+ 42. Kg1 Nf3+ 43. Kg2 1/2-1/2

[Event "World Rapid Women 2018"]
[Site "St Petersburg RUS"]
[Date "2018.12.26"]
[Round "3.9"]
[White "Assaubayeva, Bibisara"]
[Black "Abdumalik, Zhansaya"]
[Result "0-1"]
[WhiteTitle "FM"]
[BlackTitle "IM"]
[WhiteElo "2372"]
[BlackElo "2470"]
[WhiteFideId "13708694"]
[BlackFideId "13703544"]
[EventDate "2018.12.26"]

1. d4 Nf6 2. c4 g6 3. f3 c5 4. d5 Bg7 5. e4 d6 6. Be3 e6 7. Ne2 exd5 8. cxd5 b5
9. a4 b4 10. Ng3 h5 11. Bb5+ Nfd7 12. Ra2 a6 13. Be2 h4 14. Nf1 Qe7 15. Nfd2 Nb6
16. Bf2 a5 17. O-O g5 18. b3 N8d7 19. Nc4 Nxc4 20. Bxc4 O-O 21. Nd2 Ne5 22. Be2
f5 23. exf5 Bxf5 24. Nc4 Ng6 25. Bd3 Nf4 26. Re1 Qc7 27. Bxf5 Rxf5 28. Ne3 Re5
29. g3 Nh3+ 30. Kg2 Nxf2 31. Rxf2 Rae8 32. Rfe2 Qe7 33. Kf2 Qf7 34. Nc4 Rxe2+
35. Rxe2 Bd4+ 36. Kg2 Rf8 37. Re6 Qf5 38. g4 Qxd5 39. Rxd6 h3+ 40. Kg3 Qf7 41.
Kxh3 Qxf3+ 42. Qxf3 Rxf3+ 43. Kg2 Rxb3 44. Nxa5 Rd3 45. Rb6 Ra3 46. Nc6 Be3 47.
a5 b3 48. a6 c4 49. Rb8+ Kg7 50. Rb7+ Kf6 51. Nb4 Ke6 52. Kf3 Bc5 53. Ke4 b2 54.
Nc2 Rb3 0-1

[Event "World Rapid Women 2018"]
[Site "St Petersburg RUS"]
[Date "2018.12.26"]
[Round "3.10"]
[White "Tsatsalashvili, Keti"]
[Black "Lagno, Kateryna"]
[Result "0-1"]
[WhiteTitle "WGM"]
[BlackTitle "GM"]
[WhiteElo "2303"]
[BlackElo "2560"]
[WhiteFideId "13603434"]
[BlackFideId "14109336"]
[EventDate "2018.12.26"]

1. d4 Nf6 2. Nf3 g6 3. c4 Bg7 4. Nc3 O-O 5. e4 d6 6. Be2 e5 7. O-O Nc6 8. d5 Ne7
9. Nd2 Nd7 10. b4 f5 11. a4 Nf6 12. f3 f4 13. c5 g5 14. Nc4 h5 15. h3 Rf7 16. b5
Bf8 17. Ba3 Ng6 18. b6 axb6 19. cxb6 cxb6 20. Rb1 Ra6 21. Nd2 Rg7 22. Bxa6 bxa6
23. Nc4 g4 24. Nxb6 gxh3 25. Rf2 Nh4 26. Rbb2 hxg2 27. a5 Rg3 28. Rxg2 Nxg2 29.
Rxg2 Bh3 30. Rxg3+ fxg3 31. Qd2 Nd7 32. Nc4 Qf6 33. Qe2 h4 34. Nd1 Nc5 35. Bc1
Bd7 36. Qe3 h3 37. Qg5+ Qxg5 38. Bxg5 Bb5 39. Nd2 Nd3 40. Nf1 Ne1 41. Nd2 Be2
42. Ne3 Nxf3+ 43. Nxf3 Bxf3 0-1

[Event "World Rapid Women 2018"]
[Site "St Petersburg RUS"]
[Date "2018.12.26"]
[Round "3.11"]
[White "Koneru, Humpy"]
[Black "Mammadzada, Gunay"]
[Result "1-0"]
[WhiteTitle "GM"]
[BlackTitle "IM"]
[WhiteElo "2541"]
[BlackElo "2422"]
[WhiteFideId "5008123"]
[BlackFideId "13403729"]
[EventDate "2018.12.26"]

1. d4 d5 2. c4 c6 3. Nf3 Nf6 4. e3 Bf5 5. Nc3 a6 6. Nh4 Bg4 7. Qc2 g6 8. h3 Be6
9. c5 Bg7 10. Bd3 Nfd7 11. Bd2 b6 12. cxb6 c5 13. Na4 c4 14. Be2 Bf6 15. Nf3 Bf5
16. Qd1 Nxb6 17. Ba5 N8d7 18. g4 Be6 19. b3 Qb8 20. Nxb6 Nxb6 21. Rb1 Qd6 22.
Bxb6 Qxb6 23. bxc4 Qc7 24. c5 O-O 25. O-O h5 26. Nd2 Bg7 27. Kg2 hxg4 28. hxg4
f5 29. Rb6 Qd7 30. f4 fxg4 31. Kg3 Rfb8 32. Bxg4 Rxb6 33. cxb6 Rb8 34. Nb3 Bxg4
35. Qxg4 Qd6 36. b7 e6 37. Nc5 Kf7 38. Rh1 Re8 39. Kf3 Rg8 40. Rh7 Re8 41. Qg5
Qf8 42. Nd7 1-0

[Event "World Rapid Women 2018"]
[Site "St Petersburg RUS"]
[Date "2018.12.26"]
[Round "3.12"]
[White "Nguyen, Thi Mai Hung"]
[Black "Danielian, Elina"]
[Result "1/2-1/2"]
[WhiteTitle "WGM"]
[BlackTitle "GM"]
[WhiteElo "2280"]
[BlackElo "2427"]
[WhiteFideId "12401676"]
[BlackFideId "13300210"]
[EventDate "2018.12.26"]

1. d4 Nf6 2. Nf3 b6 3. Bf4 Bb7 4. e3 g6 5. Bd3 Bg7 6. h3 O-O 7. O-O d6 8. Nbd2
c5 9. c3 Nc6 10. Qe2 a6 11. a4 Re8 12. e4 cxd4 13. cxd4 Nxd4 14. Nxd4 e5 15.
Bxe5 dxe5 16. N4f3 Nh5 17. Bc4 Nf4 18. Qe3 Qf6 19. Rfe1 Rad8 20. Rad1 Bf8 21.
Qb3 Bc5 22. Bf1 Kg7 23. Nc4 Rxd1 24. Qxd1 Bb4 25. Re3 b5 26. axb5 axb5 27. Ncd2
Bc5 28. Rc3 Qb6 29. Qe1 Re7 30. Rc2 Bb4 31. Qe3 Qa5 32. Nb3 Qa4 33. Rc1 Qa8 34.
Nc5 Re8 35. Bxb5 Rb8 36. Nxb7 Qxb7 37. Bf1 Bd6 38. Rc2 Qb4 39. Qd2 Qb6 40. Qc3
f6 41. Qc6 Qxc6 42. Rxc6 Be7 43. Rc2 Rb4 44. Nd2 Ne6 45. Nc4 Nd4 46. Rc1 Ra4 47.
Nb6 Ra2 48. Rc7 Kf8 49. Rc8+ Kg7 50. Rc7 Kf8 51. Rc8+ Kg7 52. Nd5 Bd6 53. Rd8
Bc5 54. Rd7+ Kh6 55. Nxf6 Rxb2 56. Rxh7+ Kg5 57. Ng4 Rb1 58. g3 Nf3+ 59. Kg2
Ne1+ 60. Kh1 Nf3 61. Kg2 Ne1+ 62. Kh1 Nf3 63. Rd7 Bd4 64. Kg2 Ne1+ 65. Kh1 Nf3
66. Kg2 Ne1+ 67. Kh1 Nf3 68. Kg2 1/2-1/2

[Event "World Rapid Women 2018"]
[Site "St Petersburg RUS"]
[Date "2018.12.26"]
[Round "3.13"]
[White "Arabidze, Meri"]
[Black "Murashova, Ekaterina"]
[Result "1-0"]
[WhiteTitle "IM"]
[BlackTitle "WIM"]
[WhiteElo "2387"]
[BlackElo "2259"]
[WhiteFideId "13604040"]
[BlackFideId "4171985"]
[EventDate "2018.12.26"]

1. d4 d5 2. c4 e6 3. Nc3 Nf6 4. cxd5 exd5 5. Bg5 c6 6. e3 Be7 7. Bd3 Nbd7 8. Qc2
h6 9. Bf4 Nh5 10. Be5 Nxe5 11. dxe5 Bb4 12. O-O-O Qe7 13. f4 g6 14. Nf3 Qc5 15.
Rhe1 Ng7 16. Nd4 Bxc3 17. Qxc3 Qxc3+ 18. bxc3 a6 19. c4 Bg4 20. Rd2 Rd8 21. h3
Be6 22. cxd5 Bxd5 23. Red1 O-O 24. Bb1 Rc8 25. e4 Bc4 26. f5 Rfe8 27. Nf3 Rc7
28. g4 Kh7 29. e6 fxe6 30. fxg6+ Kg8 31. Ne5 Bb5 32. Nd7 Kh8 33. Nf6 Rf8 34. e5
c5 35. h4 c4 36. h5 c3 37. Rd8 Rc8 38. Rxf8+ Rxf8 39. g5 Ba4 40. Bc2 Bxc2 41.
Kxc2 hxg5 42. h6 Nf5 43. Rd7 Ng7 1-0

[Event "World Rapid Women 2018"]
[Site "St Petersburg RUS"]
[Date "2018.12.26"]
[Round "3.14"]
[White "Khotenashvili, Bela"]
[Black "Vega Gutierrez, Sabrina"]
[Result "1-0"]
[WhiteTitle "GM"]
[BlackTitle "IM"]
[WhiteElo "2479"]
[BlackElo "2390"]
[WhiteFideId "13602640"]
[BlackFideId "2219026"]
[EventDate "2018.12.26"]

1. d4 d5 2. Bf4 Nf6 3. e3 c5 4. Nf3 Nc6 5. Nbd2 Bf5 6. dxc5 Bg4 7. h3 Bh5 8. g4
Bg6 9. c3 Ne4 10. Bb5 f6 11. Nd4 Qd7 12. Nxe4 Bxe4 13. f3 Bg6 14. Qa4 Rc8 15.
Nxc6 bxc6 16. Ba6 Rd8 17. Bg3 e5 18. b4 h5 19. O-O-O hxg4 20. hxg4 Rxh1 21. Rxh1
Kf7 22. Rd1 e4 23. Be2 exf3 24. Bxf3 Qe6 25. Bf4 Bh7 26. Re1 g5 27. Bg3 Rd7 28.
Qa6 Be7 29. Kb2 Be4 30. Bd1 Rd8 31. Qe2 Rh8 32. a4 a5 33. Ka3 Qd7 34. Qa6 Rh3
35. Rg1 Bd8 36. b5 Be7 37. Qb6 cxb5 38. axb5 Rxg3 39. Rxg3 Qc8 40. Qc6 Bxc5+ 41.
Ka4 Qf8 42. Bb3 Qd6 43. Rh3 Kg6 44. Qxd6 Bxd6 45. Kxa5 f5 46. Bd1 Be5 47. Kb4
Bd6+ 48. Kb3 Bc5 49. c4 fxg4 50. Bxg4 Bg2 51. Rg3 Be4 52. Be6 Bd6 53. Rg1 dxc4+
54. Kxc4 Bf3 55. b6 Kf6 56. Bd5 Be2+ 57. Kd4 g4 58. Rg2 Ba6 59. Rxg4 1-0

[Event "World Rapid Women 2018"]
[Site "St Petersburg RUS"]
[Date "2018.12.26"]
[Round "3.15"]
[White "Geller, Anastasiya"]
[Black "Zhao, Xue"]
[Result "1/2-1/2"]
[WhiteTitle "WFM"]
[BlackTitle "GM"]
[WhiteElo "2187"]
[BlackElo "2485"]
[WhiteFideId "24119059"]
[BlackFideId "8601283"]
[EventDate "2018.12.26"]

1. Nf3 Nf6 2. g3 b5 3. Bg2 d5 4. O-O e6 5. d3 Be7 6. Nbd2 O-O 7. e4 c5 8. Re1
Nc6 9. c3 a5 10. a4 b4 11. exd5 Nxd5 12. c4 Nb6 13. Nb3 Ba6 14. Be3 Nd7 15. Qc2
Rc8 16. Rad1 e5 17. Nfd2 f5 18. f4 Bd6 19. fxe5 Ncxe5 20. Bd5+ Kh8 21. d4 Ng4
22. Kg2 Ndf6 23. dxc5 Nxe3+ 24. Rxe3 Nxd5 25. cxd5 Bxc5 26. Nxc5 Qxd5+ 27. Nf3
Qxc5 28. Qxc5 Rxc5 29. Re5 Rxe5 30. Nxe5 g5 31. Rd7 Kg8 32. Kf2 Rf6 33. Rd5 Kg7
34. Rxa5 Rd6 35. h4 h6 36. hxg5 hxg5 37. Ke3 Kf6 38. Nd7+ Kg6 39. Nc5 Bf1 40.
Kf2 Bh3 41. Ra6 Rf6 42. Rxf6+ Kxf6 43. Na6 b3 44. Nc5 Ke5 45. Nxb3 f4 46. gxf4+
gxf4 47. Nd2 Bd7 48. b3 1/2-1/2

[Event "World Rapid Women 2018"]
[Site "St Petersburg RUS"]
[Date "2018.12.26"]
[Round "3.16"]
[White "Shafigullina, Zarina"]
[Black "Cramling, Pia"]
[Result "0-1"]
[WhiteTitle "WFM"]
[BlackTitle "GM"]
[WhiteElo "2140"]
[BlackElo "2465"]
[WhiteFideId "24174220"]
[BlackFideId "1700030"]
[EventDate "2018.12.26"]

1. d4 Nf6 2. Nf3 d5 3. g3 b5 4. Qd3 Ba6 5. c3 e6 6. Bg2 c5 7. dxc5 Bxc5 8. O-O
O-O 9. Bf4 b4 10. Qc2 Nbd7 11. Ne5 Qb6 12. cxb4 Bxb4 13. a3 Bc5 14. Nc3 Rfc8 15.
Rac1 Nxe5 16. Bxe5 Ng4 17. Bf4 Bxf2+ 18. Kh1 Be3 19. Qa4 Bxc1 0-1

[Event "World Rapid Women 2018"]
[Site "St Petersburg RUS"]
[Date "2018.12.26"]
[Round "3.17"]
[White "Sviridova, Vlada"]
[Black "Mkrtchian, Lilit"]
[Result "0-1"]
[WhiteTitle "WFM"]
[BlackTitle "IM"]
[WhiteElo "2144"]
[BlackElo "2392"]
[WhiteFideId "24109606"]
[BlackFideId "13300601"]
[EventDate "2018.12.26"]

1. d4 Nf6 2. c4 e6 3. Nf3 b6 4. g3 Ba6 5. b3 Bb4+ 6. Bd2 Be7 7. Bg2 c6 8. O-O d5
9. Qc2 Nbd7 10. Rd1 Rc8 11. a4 c5 12. dxc5 Bxc5 13. Na3 Bxa3 14. Rxa3 dxc4 15.
b4 Bb7 16. Bc3 Qe7 17. Nd2 Bxg2 18. Kxg2 O-O 19. e4 Rfd8 20. Qb2 a6 21. b5 a5
22. Rc1 Nc5 23. Bxf6 Qxf6 24. e5 Qh6 25. Rc2 Nd3 26. Rxd3 cxd3 27. Rxc8 Rxc8 28.
Ne4 Qc1 29. Qd4 Qc4 30. Qe3 Qd5 31. f3 d2 32. Qg5 0-1

[Event "World Rapid Women 2018"]
[Site "St Petersburg RUS"]
[Date "2018.12.26"]
[Round "3.18"]
[White "Ambartsumova, Karina"]
[Black "Garifullina, Leya"]
[Result "1-0"]
[WhiteTitle "WGM"]
[BlackTitle "WCM"]
[WhiteElo "2383"]
[BlackElo "2132"]
[WhiteFideId "4166299"]
[BlackFideId "34127035"]
[EventDate "2018.12.26"]

1. c4 e5 2. Nc3 Nf6 3. Nf3 Nc6 4. a3 d6 5. d3 Be7 6. g3 Bf5 7. Bg2 O-O 8. b4 Rb8
9. O-O Qd7 10. Re1 Nd4 11. Nxd4 exd4 12. Nb5 c5 13. bxc5 dxc5 14. Nxa7 Bh3 15.
Bh1 Ng4 16. Nb5 Bd8 17. Bg2 Bxg2 18. Kxg2 Qc6+ 19. Kg1 Ba5 20. Bd2 Qf6 21. Rf1
Bxd2 22. Qxd2 Rfe8 23. h3 Nh6 24. Rae1 Nf5 25. Qf4 Qg6 26. Nc7 Rf8 27. Nd5 Kh8
28. g4 Nh4 29. e4 dxe3 30. Rxe3 b5 31. Qg3 Qh6 32. g5 Qa6 33. Qxh4 Qxa3 34. cxb5
Qa2 35. Qc4 Qa7 36. Re7 Qa3 37. Rfe1 Qb2 38. b6 Qd2 39. h4 h6 40. R7e2 Qa5 41.
gxh6 gxh6 42. Qf4 Kg7 43. Qf6+ Kh7 44. Qf5+ Kg7 45. Re3 Rg8 46. Rg3+ Kf8 47.
Rxg8+ Kxg8 48. Re3 Qa1+ 49. Kh2 Kf8 50. Qf4 1-0